The grapes of wrath (Record no. 10852)
[ view plain ]
| 000 -LEADER | |
|---|---|
| fixed length control field | 00393 a2200157 4500 |
| 020 ## - INTERNATIONAL STANDARD BOOK NUMBER | |
| International Standard Book Number | 9780241952474 |
| 082 ## - DEWEY DECIMAL CLASSIFICATION NUMBER | |
| Classification number | 813.52 |
| 090 ## - LOCALLY ASSIGNED LC-TYPE CALL NUMBER (OCLC); LOCAL CALL NUMBER (RLIN) | |
| -- | 7044 |
| -- | 7044 |
| 100 ## - MAIN ENTRY--PERSONAL NAME | |
| Personal name | Steinbeck, John |
| 245 ## - TITLE STATEMENT | |
| Title | The grapes of wrath |
| Statement of responsibility, etc. | John Steinbeck |
| 260 ## - PUBLICATION, DISTRIBUTION, ETC. | |
| Place of publication, distribution, etc. | New York |
| Name of publisher, distributor, etc. | Penguin Book |
| Date of publication, distribution, etc. | 1967 |
| 300 ## - PHYSICAL DESCRIPTION | |
| Extent | 535 p. |
| 650 ## - SUBJECT ADDED ENTRY--TOPICAL TERM | |
| Topical term or geographic name entry element | Migrant agricultural laborers |
| 700 ## - ADDED ENTRY--PERSONAL NAME | |
| Personal name | John Steinbeck |
| 942 ## - ADDED ENTRY ELEMENTS (KOHA) | |
| Koha item type | Book |
| Call number prefix | 813.52 STE |
| Withdrawn status | Lost status | Damaged status | Not for loan | Collection code | Permanent Location | Current Location | Shelving location | Date acquired | Source of acquisition | Cost, normal purchase price | Total Checkouts | Total Renewals | Full call number | Barcode | Checked out | Date last seen | Date last checked out | Price effective from | Koha item type |
|---|---|---|---|---|---|---|---|---|---|---|---|---|---|---|---|---|---|---|---|
| Central Library (CL) | Central Library (CL) | General Stacks | 04/19/2012 | Eagle Information Marketing | 1071.12 | 10 | 6 | 813.52 STE | SEECS011210 | 02/24/2026 | 02/09/2026 | 02/09/2026 | 01/05/2017 | Book |
